000 00637nam a2200265Ia 4500
005 20260121171257.0
008 008 260114s9999 xx 000 0 eng d
020 _a9789811327308
037 _aEBOOK
040 _aCRL
040 _beng
040 _cCRL
041 _2eng
041 _aeng
084 _qCRL
100 _aToru Maruyama
_91074240
245 0 _aFourier Analysis of Economic Phenomena
260 _bSpringer
260 _bSpringer
260 _c2018
856 _uhttps://link.springer.com/openurl?genre=book&isbn=978-981-13-2730-8
942 _cEBOOK
999 _c1639970
_d1639970